|
|
|
|
| LEADER |
00000cam a2200000 7i4500 |
| 001 |
0000097341 |
| 005 |
20051208.0 |
| 020 |
|
|
|a 073683737X
|
| 090 |
0 |
0 |
|a 551.6
|b SIE
|
| 100 |
1 |
|
|a Sievert, Terri
|
| 245 |
1 |
0 |
|a Weather update :
|b precipitation
|c Terri Sievert
|
| 260 |
|
|
|a Minnesota :
|b Capstone Press ,
|c 2005
|
| 300 |
|
|
|a 24p. :
|b ill ;
|c 21cm.
|
| 490 |
0 |
|
|a Bridgestone books weather update
|
| 650 |
0 |
0 |
|a Precipitation (Meteorology)
|x Juvenile Literature
|
| 650 |
0 |
0 |
|a Rain and rainfall
|x Juvenile literature
|
| 650 |
0 |
0 |
|a Snow
|x Juvenile literature
|
| 999 |
|
|
|a 00187799
|b BUKU
|c JUNIOR REFERENCE
|e PERPUSTAKAAN KOMUNITI PETALING JAYA
|